Normal view
MARC view
- SUPERVISOR LT COL DR. RAEES AHMED SIDDIQUI
Entry Personal Name
001 - CONTROL NUMBER
- control field: 71721
003 - CONTROL NUMBER IDENTIFIER
- control field: NUST
005 - DATE AND TIME OF LATEST TRANSACTION
- control field: 20210628204654.0
008 - FIXED-LENGTH DATA ELEMENTS
- fixed length control field: 210628|| aca||aabn | a|a d
040 ## - CATALOGING SOURCE
- Original cataloging agency: NUST
- Transcribing agency: NUST
100 ## - HEADING--PERSONAL NAME
- Personal name: SUPERVISOR LT COL DR. RAEES AHMED SIDDIQUI
670 ## - SOURCE DATA FOUND
- Source citation: Work cat.: (NUST): GC Muhammad Bilal Ahmed GC Zeeshan Mehmood 71720, PR-SOF-1664-MOBILE PHONE DETECTOR, 2017
